<?xml version="1.0" encoding="UTF-8"?><collection xmlns="info:lc/xmlns/marcxchange-v2"><record format="Unimarc" type="bibliographic"><leader>00563cam  2200205   450 </leader><controlfield tag="001">2062069</controlfield><controlfield tag="003">http://id.bnportugal.gov.pt/bib/porbase/2062069</controlfield><controlfield tag="005">20030512153900.0</controlfield><datafield ind1=" " ind2=" " tag="010"><subfield code="a">0-691-08355-X</subfield></datafield><datafield ind1=" " ind2=" " tag="035"><subfield code="3">83369</subfield></datafield><datafield ind1=" " ind2=" " tag="095"><subfield code="a">PTBN00409585</subfield></datafield><datafield ind1=" " ind2=" " tag="100"><subfield code="a">19900921d1984    k  y0pory0103    ba</subfield></datafield><datafield ind1="0" ind2=" " tag="101"><subfield code="a">eng</subfield></datafield><datafield ind1=" " ind2=" " tag="102"><subfield code="a">US</subfield></datafield><datafield ind1="1" ind2=" " tag="200"><subfield code="a">Galileo and his sources</subfield></datafield><datafield ind1=" " ind2=" " tag="210"><subfield code="a">Princeton</subfield><subfield code="c">Princeton University Press</subfield><subfield code="d">cop. 1984</subfield></datafield><datafield ind1=" " ind2=" " tag="215"><subfield code="a">XIV, 372 p.</subfield></datafield><datafield ind1=" " ind2=" " tag="675"><subfield code="a">5.01</subfield><subfield code="v">med</subfield><subfield code="z">fre</subfield><subfield code="3">464554</subfield></datafield><datafield ind1=" " ind2="1" tag="700"><subfield code="a">Wallace</subfield><subfield code="b">William A.</subfield><subfield code="3">453457</subfield></datafield><datafield ind1=" " ind2="0" tag="801"><subfield code="a">PT</subfield><subfield code="b">BN</subfield><subfield code="g">RPC</subfield></datafield><datafield ind1=" " ind2=" " tag="977"><subfield code="1">SD 5.01 W179g</subfield><subfield code="2">coop</subfield><subfield code="4">UACSD</subfield><subfield code="6">mq622658</subfield><subfield code="7">bc</subfield><subfield code="8">coop</subfield><subfield code="9">UACSD</subfield><subfield code="b">61670</subfield><subfield code="k">0</subfield></datafield><datafield ind1=" " ind2=" " tag="998"><subfield code="a">UACS4-146</subfield></datafield></record></collection>